Practices of Comparing (Record no. 20112)

MARC details
000 -LEADER
fixed length control field 00714nam a2200121Ia 4500
008 - FIXED-LENGTH DATA ELEMENTS--GENERAL INFORMATION
fixed length control field 220616s9999||||xx |||||||||||||| ||und||
245 #0 - TITLE STATEMENT
Title Practices of Comparing
Remainder of title Towards a New Understanding of a Fundamental Human Practice
546 ## - LANGUAGE NOTE
Language note English[eng]
650 ## - SUBJECT ADDED ENTRY--TOPICAL TERM
Topical term or geographic name entry element Practices||Theory||Comparing||Comparison||Historical Change||Digital Humanities||Society||Cultural History||Literature||Literary Studies||Political Sociology||Sociology of Knowledge||Bielefeld University Press
700 ## - ADDED ENTRY--PERSONAL NAME
Personal name Epple, Angelika||Erhart, Walter||Grave, Johannes
856 ## - ELECTRONIC LOCATION AND ACCESS
Uniform Resource Identifier <a href="https://library.oapen.org/bitstream/20.500.12657/41191/1/9783839451663.pdf||https://library.oapen.org/bitstream/20.500.12657/41191/1/9783839451663.pdf">https://library.oapen.org/bitstream/20.500.12657/41191/1/9783839451663.pdf||https://library.oapen.org/bitstream/20.500.12657/41191/1/9783839451663.pdf</a>
942 ## - ADDED ENTRY ELEMENTS (KOHA)
Koha item type E-Books
Holdings
Withdrawn status Lost status Damaged status Not for loan Home library Current library Date acquired Total Checkouts Date last seen Price effective from Koha item type
        Kerala University of Digital Sciences, Innovation and Technology Knowledge Centre Kerala University of Digital Sciences, Innovation and Technology Knowledge Centre 16/06/2022   16/06/2022 16/06/2022 E-Books